Las barreras al recurso de casacin̤ civil colombiano

Detalles Bibliográficos
Autor principal: Rueda Fonseca, Mara̕ del Socorro
Otros Autores: Giraldo Bustamante, Carlos Julio
Formato: eBook
Lenguaje:español
Publicado: Bogot:̀ Universidad de Los Andes (Colombia), 2022
Materias:
Acceso en línea:Acceso restringido

MARC

LEADER 00000nam a22000007a 4500
005 20221028220919.0
007 cr|||| ||||
008 221028s2022 co |||||s|||| 00||0 spa d
020 |a 978-958-798-287-9 
035 |a 37422 
040 |a vLex 
090 |c 14061  |d 14061 
100 1 |a Rueda Fonseca, Mara̕ del Socorro 
245 1 3 |a Las barreras al recurso de casacin̤ civil colombiano  |h [Recurso electrn̤ico] /  |c Mara̕ del Socorro Rueda Fonseca, Carlos Julio Giraldo Bustamante 
256 |a Servicio en ln̕ea 
260 |a Bogot:̀  |b Universidad de Los Andes (Colombia),  |c 2022 
300 |a 1 recurso electrn̤ico 
506 1 |a Disponible solo en los productos indicados  |d vLex Global  |d vLex Global (Academic Edition, excluding Law Schools)  |d vLex Global (U.S. Academic Edition, Law Schools)  |d vLex Global (U.S. Academic Edition, excluding Law Schools)  |d vLex Global (Academic Edition, Law Schools) 
650 0 4 |a Derecho Constitucional  |z Colombia 
650 0 4 |a Derecho Civil  |z Colombia 
700 1 |a Giraldo Bustamante, Carlos Julio 
740 0 |a vLex Libros (Servicio en ln̕ea) 
856 4 0 |u https://app.vlex.com/#/sources/37422  |z Acceso restringido 
942 |c BOOK 
999 0 |a Constitutional Law 
999 0 |a Civil Law